Meghódítják a történelmet
Elmentve itt :
| Szerző: | |
|---|---|
| Dokumentumtípus: | Cikk |
| Megjelent: |
1975-10-03
|
| Sorozat: | Délmagyarország
65 No. 232 |
| Kulcsszavak: | Vékes Imre, általános iskolák |
| Online Access: | http://dmarchiv.bibl.u-szeged.hu/101427 |
| LEADER | 00472nab a2200157 i 4500 | ||
|---|---|---|---|
| 001 | delm101427 | ||
| 005 | 20190423135526.0 | ||
| 008 | 190423s1975 hu o 0|| hun d | ||
| 040 | |a SZTE Délmagyarország Archívum |b hun | ||
| 041 | |a hun | ||
| 100 | 1 | |a Ladányi Zsuzsa | |
| 245 | 1 | 0 | |a Meghódítják a történelmet |h [elektronikus dokumentum] / |c Ladányi Zsuzsa |
| 260 | |c 1975-10-03 | ||
| 300 | |a 5 | ||
| 490 | 0 | |a Délmagyarország |v 65 No. 232 | |
| 695 | |a Vékes Imre, általános iskolák | ||